Datum a čas kvízu

23 Celkem bodů Celkový počet nahraných bodů na tomto kvízu bez doplňovacích otázek.
14. Pořadí na kvízu Konečné umístění týmu na tomto kvízu.

Zaznamenané odpovědi

# Otázka Odpověď Body Výsledky
1. Potom, co tento slavný hudební... Pitbull 0
2. Na pražském Hradčanském náměst... ministerstvo životního prostředí 1
3. Reality show Bachelor odhalila... lásku zde budou hledat dva bratři zároveň (jednovaječná dvojčata) 1
4. Americký prezident Donald Trum... Budapešť 0
5. Od české fotbalové reprezentac... s Faerskými ostrovy 1
6. V tomto tématu Vás čeká pět vý... B 0
7. Z níže vypsaných měst leží nej... C 0
8. Z níže vypsaných děl vyberte j... B 0
9. Které z těchto zvířat neřadíme... B 0
10. Které z těchto příjmení je v Č... D 0